01763nam a2200445 i 450000100060000000300080000600500170001400600190003100700150005000800410006502000180010602000270012403500230015103500240017403500250019803500210022304000310024405000240027508000120029908200150031124500980032626400440042430000580046833600310052633700330055733800430059049000580063358801250069159001590081665000400097565000440101565000130105965000160107265500270108870000450111579700190116083000590117985600620123899900170130057996FlNmELB20241216232955.0m o d | cr cnu||||||||170313s2010 sp a o 000 0 spa d z9788492442829 a9781512934779 (e book) a(MiAaPQ)EBC4795210 a(Au-PeEL)EBL4795210 a(CaPaEBR)ebr11335800 a(OCoLC)992015536 aFINmELBbspaerdacFINmELB 4aRC388.5bN4948 2010 a616.8310 a616.8122300aNeurorreparación y rehabilitación tras el ictus /ccoordinador, Joan Montaner Villalonga. 1aBarcelona :bMarge Medica Books,c2010. a1 recurso en línea (214 páginas) :bilustraciones atextobtxt2rdacontent/spa acomputadorabc2rdamedia/spa arecurso en líneabcr2rdacarrier/spa1 aColección Avances en patología neurovascular ;v4 aDescripción basada en recurso en línea; Título de la página del título en PDF (e-libro, visto March 13, 2017). aRecurso electronico. Santa Fe, Arg. : e-libro, 2016. Disponible via World Wide Web. El acceso puede ser limitado para las bibliotecas afiliadas a e-libro. 0aCerebrovascular diseasexTreatment. 0aBrain damagexPatientsxRehabilitation. 4aCerebro. 4aEnfermedad. 4aLibros electrónicos.1 aMontaner Villalonga, Joan,ecoordinador.2 ae-libro, Corp. 0aColección Avances en patología neurovascular ;v4.40uhttps://elibro.net/ereader/politecnicointernacional/59314 c57996d57996